Focus North East (Record no. 81507)

MARC details
000 -LEADER
fixed length control field 00860cab a22001935a 4500
001 - CONTROL NUMBER
control field L147358
008 - FIXED-LENGTH DATA ELEMENTS--GENERAL INFORMATION
fixed length control field 090501e20090425xxkad f s 000 0 eng d
035 ## - SYSTEM CONTROL NUMBER
System control number (Sirsi) u147358
041 0# - LANGUAGE CODE
Language code of text/sound track or separate title eng
100 1# - MAIN ENTRY--PERSONAL NAME
Personal name Cunningham, Daniel
245 00 - TITLE STATEMENT
Title Focus North East
260 ## - PUBLICATION, DISTRIBUTION, ETC.
Date of publication, distribution, etc. 2009
490 #0 - SERIES STATEMENT
Series statement Estates Gazette
Volume/sequential designation (0916) 25 April 2009, 109-125(14)
520 ## - SUMMARY, ETC.
Summary, etc. Reports that while some schemes are going ahead, others are on hold due to falling demand and the completion of speculative space. Presents the key findings of the sentiment survey for quarter one 2009: three-quarters of property professionals see no market improvement. Reveals that regeneration chiefs are looking to the region's science-based industries for expansion.
590 ## - LOCAL NOTE (RLIN)
Local note KA
651 #4 - SUBJECT ADDED ENTRY--GEOGRAPHIC NAME
Geographic name North East
690 ## - LOCAL SUBJECT ADDED ENTRY--TOPICAL TERM (OCLC, RLIN)
Topical term or geographic name as entry element PROPERTY-COMMERCIAL PROPERTY-COMMERCIAL PROPERTY MARKET
942 ## - ADDED ENTRY ELEMENTS (KOHA)
Suppress in OPAC 0
Holdings
Withdrawn status Lost status Source of classification or shelving scheme Damaged status Not for loan Home library Current library Shelving location Date acquired Total Checkouts Full call number Barcode Date last seen Copy number Price effective from Koha item type
    Dewey Decimal Classification     London London Journal article 01/05/2009   L147358 147358-1001 06/08/2019 1 06/08/2019 Journal article